000 00408nam a22001577a 4500
999 _c2553
_d2553
008 200309b ||||| |||| 00| 0 eng d
041 0 _aeng
082 0 0 _a623.82
_bD627
100 _92151
_aD'Mello, C.V.
245 1 0 _aShip construction /
_cCornel Valentine D'Mello
250 _a1st ed.
260 _aMumbai:
_bBhandarkar Publication,
_c2007.
300 _aiv, 97 p.
650 0 _aShip Building
942 _cBK